Algebras torcidas por la acción de un grupo /

Guardado en:
Autor Principal: Funes, Olga E.
Formato: Libro
Idioma:Spanish
Publicado: 2001.
Materias:
Etiquetas: Agregar Etiqueta
Sin Etiquetas, Sea el primero en etiquetar este registro!
LEADER 00589nam a22001935a 4500
001 MAT.inmabb007003
008 041125s2001####ag#a#####bm###000#0#spa#d
005 20150506091954.0
245 1 0 |a Algebras torcidas por la acción de un grupo /  |c Olga E. Funes. 
260 |c 2001. 
300 |a 99 h. :  |b il. ;  |c 29,5 cm.. 
502 |a Tesis--Universidad Nacional del Sur, 2002. 
504 |a Incluye referencias bibliográficas. 
100 1 |a Funes, Olga E. 
082 0 4 |a 040 
082 0 4 |a 512 
653 |a Matematicas 
653 |a Algebra 
859 |a Ar-BaUNS  |b BIB. MATEMATICA  |h 040  |i B148 2001-539  |p 112894/002